Zima /

Main Author: Dudek, Adolf, 1964-
Language: Czech
Published: Ostrava : Librex, 2002
Edition: Vyd. 1.
Series: Česká říkadla
Physical Description: [10] s. : barev. il. ; 24 cm
Book
Saved in:
LEADER 01170nam a2200361 a 4500
001 000628979
003 CZ BrMZK
005 20061106170240.0
008 021010s2002 xr a p cze d
015 |a cnb000891687 
020 |a 80-7228-338-3 
040 |a BOA001  |b cze 
072 7 |a 821-93  |x Literatura pro děti a mládež (beletrie)  |2 Konspekt  |9 26 
072 7 |a 821.162.3-1  |x Česká poezie  |2 Konspekt  |9 25 
080 |a 821-93  |2 MRF 
080 |a 821.162.3-1  |2 MRF 
080 |a (0:82-193)  |2 MRF 
080 |a (0.025.2)  |2 MRF 
100 1 |a Dudek, Adolf,  |d 1964-  |7 jn20010309777  |4 aut 
245 1 0 |a Zima /  |c ilustroval Adolf Dudek 
250 |a Vyd. 1. 
260 |a Ostrava :  |b Librex,  |c 2002 
300 |a [10] s. :  |b barev. il. ;  |c 24 cm 
490 1 |a Česká říkadla 
500 |a Leporelo 
655 7 |a česká poezie  |7 fd133958  |2 czenas 
655 7 |a říkadla  |7 fd133992  |2 czenas 
655 7 |a leporela  |7 fd132727  |2 czenas 
655 7 |a publikace pro děti  |7 fd133156  |2 czenas 
830 0 |a Česká říkadla 
910 |a BOA001  |b M2-1108.116 
990 |a BK 
996 6 |b 2610171949  |c M2-1108.116  |l MZK  |r Sklad / do 24 hodin  |n 0  |p p.v.  |w 000628979  |u 000010  |a 1  |e BOA001  |j MZK50  |s P